00749nam a22001097a 4500040000900000082002700009100004600036245041900082260002600501300002500527856008700552 cRUA  aFOR CHO 2014 B446 Or.1 aCHOUB SITHORN ; ជួប ស៊ីថន aThe forest growth amelioration in forestry farm of faculty of forestry of royal university of agriculture, សុុវុឌ្ឍិកម្មដំណុះឈើក្នុងសួនរុក្ខជាតិរបស់មហាវិទ្យាល័យ​វិទ្យាសាស្រ្តព្រៃឈើ នៃសាកលវិទ្យាល័យភូមិន្ទកសិកម្ម aPhnom PenhbRUAc2014 ax ;46p.bill.c29cm. uhttps://drive.google.com/file/d/1aFg-ZHDFi9TamNuaablDwIxqHxtcPGs2/view?usp=sharing